| 000 | 01023nam a2200217 a 4500 | ||
|---|---|---|---|
| 001 | 000069111 | ||
| 003 | AM-YeHGA | ||
| 005 | 20250618075616.0 | ||
| 008 | 971103s1952 |||| |||||||||| | rus c | ||
| 040 | _aAM-YeHGA | ||
| 041 | 0 | _arus | |
| 100 | 1 |
_aԳրիգորյան, Հրաչյա Գևորգի, _d1907-1969 _91647 |
|
| 245 | 1 | 0 |
_aВладимир Маяковский : _bOсновоположник поэзии социалистического реализма. Маяковский и армянская литература / _cГ.Г. Григорян. |
| 260 |
_aЕреван : _bАйпетрат , _c1952. |
||
| 300 |
_a437 стр. : _bилл. ; _c22 см. |
||
| 500 | _aПер. с армян. Е.В. Меликовой | ||
| 600 | 1 | 4 |
_aМаяковский, Владимир Владимирович _d1893-1930 |
| 650 | 1 | 4 | _aЛитература отдельных наций, народов и стран |
| 650 | 1 | 4 |
_aЛитературоведение _xРусская литература |
| 090 | _c481547 | ||
| 999 |
_c478226 _d478226 |
||